Vnútropodniková komunikácia a jej vplyv na úspešnosť podniku poskytujúceho zdravotnícke služby dizertačná práca

Na minha lista:
Detalhes bibliográficos
Autor principal: Ružičková, Oľga
Autor Corporativo: Ekonomická univerzita v Bratislave. Fakulta podnikového manažmentu
Outros Autores: Szarková, Miroslava, 1951-
Formato: Livro
Idioma:eslovaco
Publicado em: Bratislava 2011
Assuntos:
Tags: Adicionar Tag
Sem tags, seja o primeiro a adicionar uma tag!

MARC

LEADER 00000nam a2200000 4500
001 0136742
005 20221207094925.3
041 0 |a slo 
044 |a SK 
245 1 0 |a Vnútropodniková komunikácia a jej vplyv na úspešnosť podniku poskytujúceho zdravotnícke služby  |b dizertačná práca  |c Oľga Ružičková ; školiteľ: Miroslava Szarková 
264 1 |a Bratislava  |c 2011 
300 |a 119 s. 
610 2 0 |a komunikácia interná 
610 2 0 |a zdravotníctvo 
610 2 0 |a služby zdravotnícke 
100 1 |a Ružičková, Oľga 
700 1 |a Szarková, Miroslava, 1951- 
710 2 |a Ekonomická univerzita v Bratislave. Fakulta podnikového manažmentu